Artistas Valencianos 2000/ (Record no. 2682)

MARC details
000 -LEADER
campo de control de longitud fija 00817nam a2200229 4500
003 - IDENTIFICADOR DE NÚMERO DE CONTROL
campo de control OSt
005 - FECHA Y HORA DE LA ÚLTIMA TRANSACCIÓN
campo de control 20221117154826.0
008 - DATOS DE LONGITUD FIJA--INFORMACIÓN GENERAL
campo de control de longitud fija 221117b |||||||| |||| 00| 0 eng d
020 ## - NÚMERO INTERNACIONAL ESTÁNDAR DEL LIBRO
Número Internacional Estándar del Libro 84 482 2516 3
040 ## - FUENTE DE CATALOGACIÓN
Centro/agencia transcriptor Biblioteca Lado V
082 ## - NÚMERO DE LA CLASIFICACIÓN DECIMAL DEWEY
Número de clasificación 750
Número de ítem P378a
100 ## - ENTRADA PRINCIPAL--NOMBRE DE PERSONA
9 (RLIN) 460
Nombre de persona Peiro, Juan Bautista
Término indicativo de función/relación autor
245 ## - MENCIÓN DEL TÍTULO
Título Artistas Valencianos 2000/
Resto del título Gabinete de un Coleccionista/
260 ## - PUBLICACIÓN, DISTRIBUCIÓN, ETC.
Nombre del editor, distribuidor, etc. Consorci de museus de la comunitat valenciana
Fecha de publicación, distribución, etc. 2000
Lugar de publicación, distribución, etc. Valencia
300 ## - DESCRIPCIÓN FÍSICA
Extensión 79p.
Dimensiones 20x20cm
650 ## - PUNTO DE ACCESO ADICIONAL DE MATERIA--TÉRMINO DE MATERIA
Fuente del encabezamiento o término Tesauro de Arte & Arquitectura
Término de materia o nombre geográfico como elemento de entrada CATALOGO
650 ## - PUNTO DE ACCESO ADICIONAL DE MATERIA--TÉRMINO DE MATERIA
Fuente del encabezamiento o término Tesauro de Arte & Arquitectura
Término de materia o nombre geográfico como elemento de entrada ARTE VISUAL
650 ## - PUNTO DE ACCESO ADICIONAL DE MATERIA--TÉRMINO DE MATERIA
Fuente del encabezamiento o término Tesauro de Arte & Arquitectura
Término de materia o nombre geográfico como elemento de entrada FOTOGRAFOS AMERICANOS
650 ## - PUNTO DE ACCESO ADICIONAL DE MATERIA--TÉRMINO DE MATERIA
Fuente del encabezamiento o término Bienal do Mercosul
Término de materia o nombre geográfico como elemento de entrada BRASIL
700 ## - ENTRADA AGREGADA--NOMBRE PERSONAL
Nombre de persona Perez-Barreiro, Gabriel
Término indicativo de función/relación autor
9 (RLIN) 454
942 ## - ELEMENTOS DE ENTRADA SECUNDARIOS (KOHA)
Fuente del sistema de clasificación o colocación Clasificación Decimal Dewey
Tipo de ítem Koha Libros
Parte de la signatura que corresponde a la clasificación (Parte de la clasificación) 750
Parte de la signatura que identifica el ejemplar (Parte del ítem) P378a
Holdings
Estatus retirado Estado de pérdida Fuente del sistema de clasificación o colocación Estado de daño No para préstamo Biblioteca de origen Biblioteca actual Fecha de adquisición Número de inventario Total de préstamos Signatura topográfica completa Código de barras Visto por última vez Precio de reemplazo Tipo de ítem Koha
    Clasificación Decimal Dewey     Biblioteca LadoV Biblioteca LadoV 17/11/2022 001272   750 P378a 001272 17/11/2022 17/11/2022 Libros